[Event "Heart of Finland op 33rd"]
[Site "Jyvaskyla"]
[Date "2025.07.18"]
[Round "7"]
[White "Galperin, Platon"]
[Black "Sipila, Vilka"]
[Result "1-0"]
[WhiteElo "2506"]
[BlackElo "2464"]
[PlyCount "75"]
[EventDate "2025.07.14"]
[EventType "swiss"]
[EventRounds "9"]
[EventCountry "FIN"]
[SourceTitle "CB30_2025"]
[SourceDate "2025.07.23"]
[SourceVersion "1"]
[SourceVersionDate "2025.07.23"]
[SourceQuality "1"]

1. d4 Nf6 2. c4 e6 3. Nf3 d5 4. g3 Bb4+ 5. Nbd2 dxc4 6. Bg2 b5 7. Ne5 Nd5 8. 0-0 0-0 9. Qc2 f6 10. Nef3 Be7 11. b3 cxb3 12. Nxb3 a5 13. e4 a4 14. Nc5 Nb4 15. Qb1 N4a6 16. e5 Bxc5 17. exf6 gxf6 18. dxc5 c6 19. Bh6 Rf7 20. Rd1 Rd7 21. Rxd7 Bxd7 22. Qe4 Qe8 23. Qf4 Qe7 24. g4 e5 25. Qg3 Nxc5 26. Re1 e4 27. g5 f5 28. g6 Nba6 29. Ne5 Qf6 30. Rd1 Be6 31. gxh7+ Kh8 32. Bg5 Qg7 33. Qh4 Qxh7 34. Bf6+ Kg8 35. Qg5+ Kf8 36. Rd6 Nc7 37. Rxc6 N7a6 38. Be7+ 1-0

[Event "Heart of Finland op 33rd"]
[Site "Jyvaskyla"]
[Date "2025.07.16"]
[Round "4"]
[White "Galperin, Platon"]
[Black "Odner, Aarni"]
[Result "1-0"]
[WhiteElo "2506"]
[BlackElo "2084"]
[PlyCount "71"]
[EventDate "2025.07.14"]
[EventType "swiss"]
[EventRounds "9"]
[EventCountry "FIN"]
[SourceTitle "CB30_2025"]
[SourceDate "2025.07.23"]
[SourceVersion "1"]
[SourceVersionDate "2025.07.23"]
[SourceQuality "1"]

1. c4 Nf6 2. Nc3 g6 3. e4 d6 4. d4 Bg7 5. h3 Nbd7 6. Bd3 e5 7. d5 Nc5 8. Bc2 a5 9. Bg5 h6 10. Be3 Nh5 11. Nge2 Qf6 12. Qd2 g5 13. g3 Bd7 14. 0-0-0 0-0 15. b3 Na6 16. a3 Rab8 17. Kb2 Nc5 18. Nb5 Bxb5 19. cxb5 Qf3 20. g4 Nf4 21. Ng3 Ng2 22. Nf5 Nf4 23. h4 Rfd8 24. hxg5 hxg5 25. Qxa5 Ncd3+ 26. Kb1 Ra8 27. Qxc7 Qxe4 28. Qe7 Nxd5 29. Bxd3 Qxg4 30. Qxg5 Nc3+ 31. Kc2 Qxg5 32. Bxg5 Nxd1 33. Bxd8 Nxf2 34. Rg1 Rxd8 35. Rxg7+ Kf8 36. Rh7 1-0

[Event "Malopolska-ch"]
[Site "Krakow"]
[Date "2025.06.22"]
[Round "7"]
[White "Galperin, Platon"]
[Black "Golenia, Wojciech"]
[Result "1-0"]
[WhiteElo "2500"]
[BlackElo "2236"]
[PlyCount "121"]
[EventDate "2025.06.19"]
[EventType "swiss"]
[EventRounds "7"]
[EventCountry "POL"]
[SourceTitle "CB26_2025"]
[SourceDate "2025.06.25"]
[SourceVersion "1"]
[SourceVersionDate "2025.06.25"]
[SourceQuality "1"]

1. c4 e5 2. a3 Nf6 3. d3 a5 4. Nf3 Nc6 5. Bg5 Be7 6. Nc3 d6 7. g3 Bg4 8. Bg2 Qc8 9. 0-0 Bh3 10. e3 Bxg2 11. Kxg2 Nd7 12. Bxe7 Nxe7 13. d4 0-0 14. Qc2 f5 15. Ng5 h6 16. Ne6 Rf6 17. d5 Nf8 18. Nxf8 Rxf8 19. f4 Qd7 20. Rf2 Rae8 21. Raf1 Ng6 22. Qd1 Re7 23. Kh1 exf4 24. exf4 Rfe8 25. Nb5 Nf8 26. Nd4 c5 27. dxc6 bxc6 28. Qa4 Re4 29. Rd2 Rc8 30. Qxa5 c5 31. Nb5 Rxc4 32. Nxd6 Qc6+ 33. Kg1 Ra8 34. Qb5 Qxb5 35. Nxb5 g6 36. Re1 Ra6 37. Kf2 Re6 38. Red1 Kg7 39. Nd6 Ra4 40. Rc2 g5 41. fxg5 hxg5 42. Rxc5 Kg6 43. Nxf5 Rf6 44. Ke3 Ne6 45. Re5 Rxf5 46. Rxe6+ Kf7 47. Re4 Ra6 48. a4 Raf6 49. Rd2 Rf3+ 50. Ke2 Rb3 51. Kd1 Rfb6 52. Kc1 Kf6 53. Kb1 Kf5 54. Red4 Rf3 55. Ka2 Rfb3 56. a5 Rb8 57. Ra4 R3b5 58. a6 Ra8 59. Ka3 Rb6 60. Rd5+ Kg6 61. a7 1-0

[Event "Norway Chess op-A"]
[Site "Stavanger"]
[Date "2025.05.27"]
[Round "5"]
[White "Galperin, Platon"]
[Black "Kunin, Vitaly L"]
[Result "1-0"]
[WhiteElo "2494"]
[BlackElo "2497"]
[PlyCount "157"]
[EventDate "2025.05.27"]
[EventType "swiss"]
[EventRounds "9"]
[EventCountry "NOR"]
[SourceTitle "CB23_2025"]
[SourceDate "2025.06.04"]
[SourceVersion "1"]
[SourceVersionDate "2025.06.04"]
[SourceQuality "1"]

1. d4 Nf6 2. Nf3 e6 3. c4 Bb4+ 4. Bd2 Bxd2+ 5. Qxd2 0-0 6. Nc3 d5 7. h4 dxc4 8. h5 h6 9. e4 b5 10. e5 b4 11. Na4 Nd5 12. Bxc4 Bb7 13. Nc5 Bc6 14. Rc1 Nd7 15. Na6 Bb7 16. Bxd5 Bxd5 17. Nxb4 Bxf3 18. gxf3 Nb6 19. Ke2 Kh8 20. Rhg1 Nd5 21. Nxd5 Qxd5 22. b3 Rac8 23. Rc5 Qb7 24. Qd3 c6 25. Rgc1 f6 26. Rg1 fxe5 27. Rxe5 Rf6 28. Rg6 Rcf8 29. Rxf6 Rxf6 30. Qc4 Rf8 31. Rxe6 Qf7 32. Qxc6 Qxh5 33. Re7 a6 34. a4 a5 35. Qe4 Rd8 36. Qg4 Qxg4 37. fxg4 Rxd4 38. Re5 Rxg4 39. Rxa5 Rg1 40. Rb5 Kh7 41. a5 Ra1 42. b4 Kg6 43. Kf3 h5 44. Kf4 Kh6 45. Rb6+ g6 46. a6 Ra2 47. Kg3 Ra3+ 48. Kg2 h4 49. f3 Kg7 50. Kh3 g5 51. Kg4 Ra1 52. Kxg5 h3 53. Rg6+ Kf7 54. Rh6 Kg7 55. Rxh3 Rxa6 56. Kf5 Rb6 57. Rh4 Kf7 58. Re4 Rb5+ 59. Kf4 Kf6 60. Ke3 Rd5 61. Rd4 Rh5 62. Kd3 Rh3 63. Ke4 Ke6 64. b5 Rh1 65. Rb4 Re1+ 66. Kf4 Rh1 67. Rb2 Rh4+ 68. Kg5 Rh7 69. b6 Rb7 70. f4 Rg7+ 71. Kh6 Rg8 72. b7 Rb8 73. Kg7 Kf5 74. Rb4 Ke6 75. Rb5 Kd6 76. f5 Kc6 77. Rb2 Kd6 78. f6 Ke6 79. f7 1-0

[Event "Norway Chess op-A"]
[Site "Stavanger"]
[Date "2025.05.27"]
[Round "4"]
[White "Galperin, Platon"]
[Black "Mahitosh, Dey"]
[Result "1-0"]
[WhiteElo "2494"]
[BlackElo "2240"]
[PlyCount "95"]
[EventDate "2025.05.27"]
[EventType "swiss"]
[EventRounds "9"]
[EventCountry "NOR"]
[SourceTitle "CB23_2025"]
[SourceDate "2025.06.04"]
[SourceVersion "1"]
[SourceVersionDate "2025.06.04"]
[SourceQuality "1"]

1. c4 e6 2. g3 Nf6 3. Bg2 d5 4. Nf3 Be7 5. 0-0 0-0 6. d3 c5 7. Ne5 Bd6 8. f4 Nbd7 9. Nxd7 Qxd7 10. e4 dxe4 11. dxe4 e5 12. Nc3 b6 13. Qe2 Bb7 14. f5 h6 15. g4 Nh7 16. h4 f6 17. Be3 Be7 18. Rad1 Qc7 19. Rd3 Rad8 20. Rfd1 Rxd3 21. Rxd3 Rd8 22. Nb5 Qb8 23. Rxd8+ Bxd8 24. Qd2 a6 25. Nd6 Be7 26. Nxb7 Qxb7 27. Kf2 Nf8 28. Bf3 Qd7 29. Bd1 Qxd2+ 30. Bxd2 Kf7 31. Ba4 Bd8 32. Bc6 Ke7 33. b4 Kd6 34. Bb7 a5 35. bxa5 bxa5 36. Bc8 Nd7 37. Bxd7 Kxd7 38. Ke3 Kc6 39. Kd3 Kb6 40. Kc3 Kc6 41. Kb3 Kb6 42. Ka3 Kb7 43. Ka4 Ka6 44. a3 Bb6 45. Be3 Ba7 46. g5 hxg5 47. hxg5 Bb6 48. g6 1-0

[Event "Stockholm blitz op"]
[Site "Stockholm"]
[Date "2025.05.04"]
[Round "9"]
[White "Berovski, Krum"]
[Black "Galperin, Platon"]
[Result "0-1"]
[WhiteElo "2203"]
[BlackElo "2476"]
[PlyCount "53"]
[EventDate "2025.05.04"]
[EventType "swiss (blitz)"]
[EventRounds "13"]
[EventCountry "SWE"]
[SourceTitle "CB19_2025"]
[SourceDate "2025.05.07"]
[SourceVersion "1"]
[SourceVersionDate "2025.05.07"]
[SourceQuality "1"]

1. d4 Nf6 2. c4 g6 3. Nc3 d6 4. e4 Bg7 5. Nf3 0-0 6. Be2 Re8 7. 0-0 Nc6 8. e5 dxe5 9. dxe5 Ng4 10. Qxd8 Rxd8 11. Nd5 Ngxe5 12. Nxc7 Rb8 13. Bf4 Nxf3+ 14. Bxf3 Bxb2 15. Rab1 Be5 16. Bxe5 Nxe5 17. Na6 Nxf3+ 18. gxf3 Bf5 19. Nxb8 Bxb1 20. Rxb1 Rxb8 21. Kf1 Kg7 22. Ke2 Kf6 23. Ke3 Ke5 24. Rb5+ Kd6 25. Kd4 b6 26. f4 e6 27. a4 0-1

[Event "Stockholm blitz op"]
[Site "Stockholm"]
[Date "2025.05.04"]
[Round "8"]
[White "Galperin, Platon"]
[Black "Meier, Georg"]
[Result "1-0"]
[WhiteElo "2476"]
[BlackElo "2536"]
[PlyCount "97"]
[EventDate "2025.05.04"]
[EventType "swiss (blitz)"]
[EventRounds "13"]
[EventCountry "SWE"]
[SourceTitle "CB19_2025"]
[SourceDate "2025.05.07"]
[SourceVersion "1"]
[SourceVersionDate "2025.05.07"]
[SourceQuality "1"]

1. Nf3 d5 2. g3 Bg4 3. Bg2 e6 4. h3 Bh5 5. c4 c6 6. 0-0 Nf6 7. d4 Be7 8. Nc3 0-0 9. Ne5 Nbd7 10. f4 Nb6 11. g4 Bg6 12. b3 Qc8 13. Be3 Rd8 14. Bf2 Bb4 15. Qc1 Bxc3 16. Qxc3 Ne4 17. Qe3 Nxf2 18. Rxf2 f5 19. c5 Nd7 20. Nxg6 hxg6 21. Qxe6+ Kh7 22. gxf5 Nf6 23. fxg6+ Kxg6 24. Qe5 Re8 25. Qg5+ Kf7 26. f5 Rh8 27. Re1 Qc7 28. Qg6+ Kf8 29. Rd1 Re8 30. Rd3 Rh6 31. Qg5 Rh5 32. Qg3 Qe7 33. Qf4 Kg8 34. Rg3 Kh8 35. Bf3 Rh6 36. Rfg2 Rh7 37. Kf2 a5 38. h4 Qf7 39. h5 Ne4+ 40. Bxe4 Rxe4 41. Qg5 Rxh5 42. Qxg7+ Qxg7 43. Rxg7 Rxf5+ 44. Ke1 Rxd4 45. Rxb7 a4 46. Rg6 Rh5 47. Rxc6 Rh1+ 48. Kf2 Rh2+ 49. Kg3 1-0

[Event "Stockholm blitz op"]
[Site "Stockholm"]
[Date "2025.05.04"]
[Round "2"]
[White "Galperin, Platon"]
[Black "Nygren, Kim"]
[Result "1-0"]
[WhiteElo "2476"]
[BlackElo "2209"]
[PlyCount "64"]
[EventDate "2025.05.04"]
[EventType "swiss (blitz)"]
[EventRounds "13"]
[EventCountry "SWE"]
[SourceTitle "CB19_2025"]
[SourceDate "2025.05.07"]
[SourceVersion "1"]
[SourceVersionDate "2025.05.07"]
[SourceQuality "1"]

1. d4 d5 2. Nf3 Nf6 3. Bf4 e6 4. e3 c5 5. Nbd2 Nc6 6. c3 Bd6 7. Ne5 Qc7 8. Ndf3 Bd7 9. Bd3 cxd4 10. exd4 Ne4 11. Bxe4 dxe4 12. Ng5 Nxe5 13. dxe5 Bxe5 14. Bxe5 Qxe5 15. Nxf7 Kxf7 16. Qxd7+ Kf6 17. 0-0 Rhd8 18. Qa4 Rd2 19. Rae1 Kf5 20. Re3 Rad8 21. f3 Rxg2+ 22. Kxg2 Rd2+ 23. Rf2 Rxf2+ 24. Kxf2 Qxh2+ 25. Ke1 Qg1+ 26. Kd2 Qf2+ 27. Re2 Qxf3 28. Qa5+ e5 29. Qb5 g5 30. Qd7+ Kf4 31. Qf7+ Kg4 32. Qe6+ Kf4 1-0

[Event "Stockholm blitz op"]
[Site "Stockholm"]
[Date "2025.05.04"]
[Round "1"]
[White "Huber, Bernhard1"]
[Black "Galperin, Platon"]
[Result "0-1"]
[WhiteElo "2145"]
[BlackElo "2476"]
[PlyCount "90"]
[EventDate "2025.05.04"]
[EventType "swiss (blitz)"]
[EventRounds "13"]
[EventCountry "SWE"]
[SourceTitle "CB19_2025"]
[SourceDate "2025.05.07"]
[SourceVersion "1"]
[SourceVersionDate "2025.05.07"]
[SourceQuality "1"]

1. Nc3 g6 2. e4 Bg7 3. d4 d6 4. Bc4 Nc6 5. Be3 Nf6 6. f4 Ng4 7. Qe2 Nxe3 8. Qxe3 Nxd4 9. 0-0-0 c5 10. Nf3 0-0 11. e5 Bg4 12. h3 Bxf3 13. gxf3 Rb8 14. h4 b5 15. Bf1 h5 16. Ne2 Nf5 17. Qf2 Qa5 18. Kb1 dxe5 19. Bh3 Nd6 20. f5 e4 21. fxg6 fxg6 22. Be6+ Kh7 23. Rhg1 exf3 24. Qg3 Rf6 25. Nf4 Qb4 26. Nxh5 Rxe6 27. Nxg7 Kxg7 28. h5 Rb6 29. Qxf3 Rf6 30. Rxg6+ Rxg6 31. hxg6 Qe4 32. Qh5 Qxg6 33. Qe5+ Kf7 34. Rf1+ Ke8 35. Qd5 Qe4 36. Qg8+ Kd7 37. Qg5 Rb8 38. Qxc5 Rc8 39. Qxa7+ Rc7 40. Qf2 b4 41. Rd1 Kc8 42. b3 Nb5 43. Rd2 Qe5 44. Qf1 Na3+ 45. Kc1 Qa1# 0-1

[Event "Stockholm blitz op"]
[Site "Stockholm"]
[Date "2025.05.04"]
[Round "13"]
[White "Olund, Joar"]
[Black "Galperin, Platon"]
[Result "0-1"]
[WhiteElo "2371"]
[BlackElo "2476"]
[PlyCount "78"]
[EventDate "2025.05.04"]
[EventType "swiss (blitz)"]
[EventRounds "13"]
[EventCountry "SWE"]
[SourceTitle "CB19_2025"]
[SourceDate "2025.05.07"]
[SourceVersion "1"]
[SourceVersionDate "2025.05.07"]
[SourceQuality "1"]

1. Nf3 Nf6 2. b3 g6 3. Bb2 Bg7 4. c4 c5 5. g3 b6 6. Bg2 Bb7 7. 0-0 0-0 8. Nc3 a6 9. d4 cxd4 10. Qxd4 d6 11. Qf4 Nbd7 12. h3 Nc5 13. Rfd1 b5 14. cxb5 axb5 15. Nxb5 Rc8 16. Nc3 Nd5 17. Nxd5 Bxb2 18. Rab1 Bg7 19. Qh4 Re8 20. a4 h6 21. Qb4 Rb8 22. Qb6 Qxb6 23. Nxb6 Bxf3 24. Bxf3 Rxb6 25. Bd5 e6 26. Bc4 d5 27. Bb5 Reb8 28. f3 Nb7 29. e4 dxe4 30. fxe4 Nd6 31. Be2 Nxe4 32. Rd3 Nc3 33. Re1 Nxe2+ 34. Rxe2 Rxb3 35. Rd7 Rxg3+ 36. Kh2 Rbb3 37. Rf2 Rxh3+ 38. Kg2 Rbg3+ 39. Kf1 Rf3 0-1

[Event "Stockholm Hotel N GM 3rd"]
[Site "Upplands Vasby"]
[Date "2025.05.03"]
[Round "1"]
[White "Stefansson, Vignir Vatnar"]
[Black "Galperin, Platon"]
[Result "1/2-1/2"]
[WhiteElo "2528"]
[BlackElo "2494"]
[PlyCount "91"]
[EventDate "2025.05.03"]
[EventType "tourn"]
[EventRounds "10"]
[EventCountry "SWE"]
[EventCategory "7"]
[SourceTitle "CB19_2025"]
[SourceDate "2025.05.07"]
[SourceVersion "1"]
[SourceVersionDate "2025.05.07"]
[SourceQuality "1"]

1. e4 c6 2. Nf3 d5 3. d3 g6 4. e5 c5 5. c3 Bg4 6. d4 Nc6 7. Nbd2 cxd4 8. cxd4 e6 9. h3 Bxf3 10. Nxf3 Nge7 11. g4 Bg7 12. Bg2 h6 13. Bd2 g5 14. h4 h5 15. Bxg5 hxg4 16. Nh2 g3 17. fxg3 Qb6 18. Bxe7 Kxe7 19. Nf3 f6 20. 0-0 Raf8 21. Kh1 fxe5 22. dxe5 Nxe5 23. Qe2 Nxf3 24. Rxf3 Qxb2 25. Qxb2 Bxb2 26. Rb1 Bd4 27. Rxb7+ Kd6 28. Rd3 Bb6 29. Rg7 Rf2 30. Rg6 Ke7 31. Bh3 Re2 32. Bg4 Re1+ 33. Kg2 Rf8 34. Rd2 Rf7 35. h5 Rf6 36. Rxf6 Kxf6 37. Re2 Rxe2+ 38. Bxe2 e5 39. Ba6 e4 40. h6 Ke6 41. g4 Be3 42. h7 Bd4 43. Bb7 Bg7 44. g5 Ke5 45. Kf2 Kd4 46. Ke2 1/2-1/2

[Event "Stockholm Hotel N GM 2nd"]
[Site "Upplands Vasby"]
[Date "2025.04.29"]
[Round "4"]
[White "Seo, Jung Min"]
[Black "Galperin, Platon"]
[Result "1/2-1/2"]
[WhiteElo "2479"]
[BlackElo "2493"]
[PlyCount "20"]
[EventDate "2025.04.28"]
[EventType "tourn"]
[EventRounds "10"]
[EventCountry "SWE"]
[EventCategory "10"]
[SourceTitle "CB19_2025"]
[SourceDate "2025.05.07"]
[SourceVersion "1"]
[SourceVersionDate "2025.05.07"]
[SourceQuality "1"]

1. e4 c6 2. d4 d5 3. Nd2 dxe4 4. Nxe4 Nf6 5. Nxf6+ exf6 6. Bc4 Bd6 7. Qe2+ Qe7 8. Qxe7+ Kxe7 9. Ne2 Be6 10. Bxe6 fxe6 1/2-1/2

[Event "Rishon Le Ziyyon IM"]
[Site "Rishon Le Ziyyon"]
[Date "2025.02.20"]
[Round "5"]
[White "Ribstein, Orel"]
[Black "Galperin, Platon"]
[Result "0-1"]
[WhiteElo "2265"]
[BlackElo "2495"]
[PlyCount "62"]
[EventDate "2025.02.06"]
[EventType "tourn"]
[EventRounds "9"]
[EventCountry "ISR"]
[SourceTitle "CB11_2025"]
[SourceDate "2025.03.12"]
[SourceVersion "1"]
[SourceVersionDate "2025.03.12"]
[SourceQuality "1"]

1. d4 Nf6 2. c4 e6 3. g3 d5 4. Nf3 Nc6 5. Bg2 Rb8 6. 0-0 dxc4 7. e3 b5 8. b3 cxb3 9. axb3 a6 10. Qe2 Bb7 11. Bd2 Be7 12. Rc1 Qd7 13. Ne1 e5 14. Nd3 e4 15. Nc5 Bxc5 16. Rxc5 0-0 17. Nc3 Rfe8 18. g4 Nxg4 19. Rd5 Qc8 20. Bxe4 Nf6 21. Bf5 Nxd4 22. Bxh7+ Kxh7 23. Rxd4 Qh3 24. e4 Rbd8 25. Rxd8 Rxd8 26. f3 Nh5 27. Rf1 b4 28. Na4 Bc6 29. Rf2 Bb5 30. Qd1 Rd6 31. Kh1 Rg6 0-1

[Event "ISR-chT"]
[Site "Israel"]
[Date "2025.02.14"]
[Round "7.1"]
[White "Rozentalis, Eduardas"]
[Black "Galperin, Platon"]
[Result "1/2-1/2"]
[WhiteElo "2484"]
[BlackElo "2495"]
[PlyCount "25"]
[EventDate "2025.01.08"]
[EventType "team-tourn"]
[EventRounds "11"]
[EventCountry "ISR"]
[SourceTitle "CB08_2025"]
[SourceDate "2025.02.19"]
[SourceVersion "1"]
[SourceVersionDate "2025.02.19"]
[SourceQuality "1"]
[WhiteTeam "Kfar Saba II"]
[BlackTeam "Petach Tikva II"]
[WhiteTeamCountry "ISR"]
[BlackTeamCountry "ISR"]

1. e4 e5 2. Nf3 Nc6 3. Bb5 Nf6 4. 0-0 Nxe4 5. Re1 Nd6 6. Nxe5 Be7 7. Bf1 Nf5 8. c3 Nxe5 9. Rxe5 d6 10. Re1 0-0 11. d4 d5 12. Nd2 Bd6 13. Nf3 1/2-1/2

[Event "Yerevan op-A 6th"]
[Site "Yerevan"]
[Date "2024.12.08"]
[Round "6"]
[White "Movahed, Sina"]
[Black "Galperin, Platon"]
[Result "1/2-1/2"]
[WhiteElo "2518"]
[BlackElo "2491"]
[PlyCount "73"]
[EventDate "2024.12.05"]
[EventType "swiss"]
[EventRounds "9"]
[EventCountry "ARM"]
[SourceTitle "CB51_2024"]
[SourceDate "2024.12.18"]
[SourceVersion "1"]
[SourceVersionDate "2024.12.18"]
[SourceQuality "1"]

1. e4 e6 2. d4 d5 3. e5 c5 4. c3 Nc6 5. Nf3 Nge7 6. Be2 Nf5 7. dxc5 Bxc5 8. b4 Bb6 9. b5 Nb8 10. 0-0 Nd7 11. Bb2 0-0 12. c4 Nc5 13. Qc2 Bd7 14. Nc3 dxc4 15. Bxc4 a6 16. a4 axb5 17. axb5 Nh4 18. Qe2 Rxa1 19. Bxa1 Nxf3+ 20. Qxf3 Qh4 21. Qe2 Ra8 22. Rd1 Be8 23. g3 Qe7 24. Bb2 Ba5 25. Ra1 Qd8 26. Ne4 Nxe4 27. Qxe4 Rc8 28. Bd3 g6 29. Ba3 Rc7 30. Be2 Rd7 31. Bd6 Bc7 32. Bf3 Bxd6 33. exd6 Rxd6 34. Qxb7 Rd2 35. Rf1 Kg7 36. Qa6 Qf6 37. Bc6 1/2-1/2

[Event "Yerevan op-A 6th"]
[Site "Yerevan"]
[Date "2024.12.05"]
[Round "1"]
[White "Navoyan, Gagik"]
[Black "Galperin, Platon"]
[Result "0-1"]
[WhiteElo "2156"]
[BlackElo "2491"]
[PlyCount "96"]
[EventDate "2024.12.05"]
[EventType "swiss"]
[EventRounds "9"]
[EventCountry "ARM"]
[SourceTitle "CB51_2024"]
[SourceDate "2024.12.18"]
[SourceVersion "1"]
[SourceVersionDate "2024.12.18"]
[SourceQuality "1"]

1. e4 g6 2. d4 d6 3. Nc3 Bg7 4. Be3 a6 5. Qd2 Nd7 6. f3 b5 7. 0-0-0 Bb7 8. g4 h6 9. h4 Ngf6 10. h5 g5 11. Nce2 e6 12. Ng3 Nb6 13. Nh3 Nfd7 14. f4 gxf4 15. Bxf4 Bxd4 16. Qxd4 e5 17. Bxe5 Nxe5 18. Nf5 Bc8 19. Bg2 Rb8 20. Rhf1 Bxf5 21. exf5 Qf6 22. Nf2 Ned7 23. Bc6 Kf8 24. Bxd7 Qxd4 25. Rxd4 Nxd7 26. Nd3 Nf6 27. Nb4 Kg7 28. Nxa6 Rb7 29. Rdd1 Ra8 30. Nb4 c5 31. Nd5 Rxa2 32. Nxf6 Kxf6 33. c3 Rb6 34. Kc2 Ra4 35. Rg1 Rf4 36. Rdf1 Rxf1 37. Rxf1 Kg5 38. Kd3 d5 39. b4 cxb4 40. cxb4 Rc6 41. Kd4 Rc4+ 42. Kxd5 Rxb4 43. Kd6 Rxg4 44. f6 Re4 45. Kd5 Rg4 46. Kd6 Kxh5 47. Rf5+ Rg5 48. Rf4 Kg6 0-1

[Event "Titled Tuesday intern op 24th Sep Early"]
[Site "Chess.com INT"]
[Date "2024.09.24"]
[Round "3"]
[White "Aaditya, Dhingra"]
[Black "Galperin, Platon"]
[Result "1/2-1/2"]
[WhiteElo "2448"]
[BlackElo "2518"]
[PlyCount "145"]
[EventDate "2024.09.24"]
[EventType "swiss (blitz)"]
[EventRounds "11"]
[EventCountry "USA"]
[SourceTitle "EXT 2025"]
[Source "ChessBase"]
[SourceDate "2024.10.14"]
[SourceVersion "1"]
[SourceVersionDate "2024.10.14"]
[SourceQuality "1"]

1. d4 Nf6 2. c4 b6 3. Nc3 Bb7 4. Qc2 Nc6 5. Nf3 Nb4 6. Qd1 Bxf3 7. gxf3 g6 8. e4 Bg7 9. e5 Nh5 10. f4 d6 11. a3 dxe5 12. fxe5 Nc6 13. Qa4 0-0 14. Qxc6 Qxd4 15. Be3 Qxe5 16. Qd5 Qf6 17. 0-0-0 c6 18. Qe4 Rad8 19. Be2 c5 20. Bxh5 gxh5 21. Rdg1 Kh8 22. Rg5 Rd4 23. Bxd4 cxd4 24. Rxh5 Bh6+ 25. Kb1 dxc3 26. bxc3 Rd8 27. Re1 Qxc3 28. Qe5+ Qxe5 29. Rexe5 Bf8 30. Rd5 Rc8 31. c5 e6 32. Rd7 Kg7 33. cxb6 axb6 34. Rh3 Bc5 35. Rg3+ Kf8 36. Rf3 Be7 37. Rh3 Rc5 38. Rxh7 Rf5 39. Rh8+ Kg7 40. Re8 Bc5 41. Rxe6 Rxf2 42. h4 Bxa3 43. h5 Rh2 44. Rg6+ Kf8 45. Rg5 Be7 46. Re5 Bf6 47. Rf5 Be7 48. Rb7 f6 49. Rxb6 Kf7 50. Rb7 Ke6 51. Rf1 Rxh5 52. Re1+ Re5 53. Rxe5+ fxe5 54. Kc2 Bc5 55. Kd3 Kd5 56. Rd7+ Bd6 57. Rh7 e4+ 58. Ke2 Bf4 59. Rh5+ Kd4 60. Rf5 Bc1 61. Rf1 Bg5 62. Rd1+ Ke5 63. Rg1 Bf4 64. Rf1 Bg5 65. Rb1 Bf4 66. Rb5+ Kd4 67. Rf5 Bh6 68. Rh5 Bc1 69. Rh1 Bf4 70. Rd1+ Ke5 71. Rf1 Bg5 72. Rh1 Bf4 73. Rf1 1/2-1/2

[Event "Titled Tuesday intern op 24th Sep Late"]
[Site "Chess.com INT"]
[Date "2024.09.24"]
[Round "2"]
[White "Galperin, Platon"]
[Black "Dragomirescu, Robin Alexandru"]
[Result "0-1"]
[WhiteElo "2518"]
[BlackElo "2347"]
[PlyCount "113"]
[EventDate "2024.09.24"]
[EventType "swiss (blitz)"]
[EventRounds "11"]
[EventCountry "USA"]
[SourceTitle "EXT 2025"]
[Source "ChessBase"]
[SourceDate "2024.10.14"]
[SourceVersion "1"]
[SourceVersionDate "2024.10.14"]
[SourceQuality "1"]

1. d4 Nf6 2. c4 e6 3. Nf3 Bb4+ 4. Bd2 Bxd2+ 5. Qxd2 0-0 6. Nc3 d5 7. Qf4 a6 8. e4 dxe4 9. Nxe4 Nxe4 10. Qxe4 Nd7 11. Bd3 Nf6 12. Qe3 b6 13. 0-0 Bb7 14. Ne5 Qe7 15. Bc2 Rfd8 16. Rad1 c5 17. dxc5 Qxc5 18. Qxc5 bxc5 19. f3 Kf8 20. Kf2 Ke7 21. Ke3 h6 22. Ba4 Rac8 23. Rxd8 Rxd8 24. Nd3 Rc8 25. Rd1 Ne8 26. Bxe8 Kxe8 27. Ne5 Rc7 28. Rd6 Ke7 29. Rb6 f6 30. Nd3 Bc8 31. b3 g5 32. Nb2 Kd7 33. Na4 Rc6 34. Rb8 Kc7 35. Ra8 Kb7 36. Rxc8 Kxc8 37. Nc3 Kd7 38. f4 Ke7 39. g3 Rc8 40. Ne4 f5 41. Nd2 g4 42. Nb1 Kd6 43. Nc3 h5 44. Nd1 h4 45. Nf2 hxg3 46. hxg3 a5 47. Nd3 a4 48. Kd2 axb3 49. axb3 Rb8 50. Kc3 Rh8 51. b4 cxb4+ 52. Kxb4 Rh3 53. c5+ Kc7 54. Ne5 Rxg3 55. Kc4 Rg1 56. Nf7 g3 57. Ng5 0-1

[Event "Titled Tuesday intern op 24th Sep Early"]
[Site "Chess.com INT"]
[Date "2024.09.24"]
[Round "2"]
[White "Galperin, Platon"]
[Black "Kanyamarala, Tarun"]
[Result "1-0"]
[WhiteElo "2518"]
[BlackElo "2361"]
[PlyCount "51"]
[EventDate "2024.09.24"]
[EventType "swiss (blitz)"]
[EventRounds "11"]
[EventCountry "USA"]
[SourceTitle "EXT 2025"]
[Source "ChessBase"]
[SourceDate "2024.10.14"]
[SourceVersion "1"]
[SourceVersionDate "2024.10.14"]
[SourceQuality "1"]

1. d4 Nf6 2. Nf3 c5 3. d5 b5 4. e4 Nxe4 5. Bd3 Nd6 6. Bf4 c4 7. Be2 g6 8. Be5 f6 9. Bxd6 exd6 10. a4 b4 11. 0-0 Bg7 12. Bxc4 0-0 13. a5 Ba6 14. Nbd2 f5 15. Qe2 Qc8 16. Ra4 Bxc4 17. Nxc4 Na6 18. Nxd6 Qc5 19. Qxa6 Qxc2 20. Rxb4 Rab8 21. Rxb8 Rxb8 22. Qxa7 Rxb2 23. Qxd7 Ra2 24. Qf7+ Kh8 25. Qe8+ Bf8 26. Qxf8# 1-0

[Event "Titled Tuesday intern op 24th Sep Early"]
[Site "Chess.com INT"]
[Date "2024.09.24"]
[Round "11"]
[White "Makarian, Rudik"]
[Black "Galperin, Platon"]
[Result "1-0"]
[WhiteElo "2550"]
[BlackElo "2518"]
[PlyCount "55"]
[EventDate "2024.09.24"]
[EventType "swiss (blitz)"]
[EventRounds "11"]
[EventCountry "USA"]
[SourceTitle "EXT 2025"]
[Source "ChessBase"]
[SourceDate "2024.10.14"]
[SourceVersion "1"]
[SourceVersionDate "2024.10.14"]
[SourceQuality "1"]

1. d4 Nf6 2. c4 e6 3. Nf3 d5 4. Nc3 dxc4 5. e4 Bb4 6. Bxc4 Nxe4 7. 0-0 Bxc3 8. bxc3 Nxc3 9. Qb3 b5 10. Bd3 b4 11. Qxb4 Nd5 12. Qa3 f6 13. Bd2 Kf7 14. Rfc1 Nd7 15. h4 Qe7 16. Qa4 Bb7 17. Qc2 g6 18. Re1 c5 19. Rab1 Nb4 20. Bxb4 cxb4 21. Bc4 Kg7 22. Rxe6 Qd8 23. Rbe1 Rf8 24. Re7+ Kh8 25. h5 f5 26. hxg6 hxg6 27. Qd2 f4 28. Ng5 1-0